| 000 | 01010nam a22002535i 4500 | ||
|---|---|---|---|
| 001 | 54200 | ||
| 003 | ES-MaACL | ||
| 005 | 20250728063122.0 | ||
| 007 | t| | ||
| 008 | 960717s1879 fr a ||||1| fre d | ||
| 040 |
_aCAM _bspa _cCAM |
||
| 080 | _a56:599 | ||
| 100 | 1 |
_aFilhol, Henri, _d1843-1902 _eaut _950835 |
|
| 245 | 1 | 0 |
_aEtude des mammiféres fossiles de Saint-Gérand le Puy (Allier) / _cpar H. Filhol |
| 260 |
_aParis : _bG. Masson, _c1879 _f(Imp. de E. Martinet) |
||
| 300 |
_a[6], 252 páginas, [30] hojas de láminas ; _c24 cm |
||
| 490 | 1 |
_aBibliothèque de l'Ecole des Hautes Etudes. Section des sciences naturelles ; _vT. XIX, article n. 1 |
|
| 650 | 7 |
_aMamíferos fósiles _2embne _9241402 |
|
| 830 | 0 | 0 |
_aBibliothèque de l'École des Hautes Études. Section des sciences naturelles _vT. XIX, article n. 1 _9181413 |
| 852 |
_aES-MaACL _cSPP3 _jG-11022(1) _xEncuadernado con otras obras |
||
| 942 |
_2udc _cMONANT _n0 |
||
| 999 |
_c54200 _d54200 |
||